André Cornelis : texte définitif /

Gardado en:
Detalles Bibliográficos
Autor Principal: Bourget, Paul (autor)
Outros autores: Starace, Gino (ilustración) (ilustración)
Formato: Libro
Idioma:francés
Series:(Modern-Bibliothèque ; 6)
Temas:
Etiquetas: Engadir etiqueta
Sen Etiquetas, Sexa o primeiro en etiquetar este rexistro!

MARC

LEADER 00000nam^a2200000^a^4500
001 000380066
005 20250526000000.0
009 20260310120544.732
037 |a Acervo ITESO - Biblioteca 
041 |a FRA 
082 |a 808. 83  |b MOD V. 6 
100 |a Bourget, Paul  |e (autor) 
240 1 1 |a [Andrés Cornelis] 
245 1 0 |a André Cornelis :  |b texte définitif /  |c P. Bourget ; il. de G. Starace. 
264 |a París, Francia :  |b Fayard,  |c copyright fecha no identificada 
300 |a 127 p. ;  |c 24.0 cm. 
336 |a texto  |b txt  |2 rdacontenido 
337 |a sin mediación  |b n  |2 rdamedio 
338 |a volumen  |b nc  |2 rdasoporte 
440 1 |a (Modern-Bibliothèque ;  |v 6) 
545 0 |a Paul Bourget (Amiens, 1852 – París, 1935), escritor francés cuya obra inicial recibió fuertes influencias de las tesis e ideas psicológicas de la segunda mitad del siglo XIX, y favoreció a su vez la toma de conciencia finisecular. Son referentes que se muestran en sus descripciones de estados psicológicos y en la decadencia que permea muchas de sus atmósferas. Los Ensayos de psicología contemporánea (1883) y la novela El discípulo (1889) se cuentan entre sus escritos más conocidos. Otros de sus títulos son: Cruel enigma (1885), Un corazón de mujer (1890), Cosmópolis (1892), Dramas de familia (1900), Agua profunda (1902), Un divorcio (1904), El demonio del mediodía (1914), El sentido de la muerte (1915), Lazarina (1917) y Némesis (1918), por citar algunos de su vasta producción. 
649 |a XX 
650 |a Novela Francesa 
650 |a Literatura Francesa -  |y Siglo XIX 
700 |a Starace, Gino  |e (ilustración) 
910 |a Fondo General 
920 |a Impresos - Libros 
930 |a Libros Antiguos y Raros 
940 |a Literatura 
905 |a 108 
901 |a 0500274900  |b IT2  |c LRA  |i D77898  |u 20250526 
902 |a https://opac.biblio.iteso.mx/vufind/Record/000380066